000 00472nam a2200169Ia 4500
008 140925s9999 xx 000 0 und d
245 _aAnnals of Tourism Research /
_h[electronic resource]
260 _bElsevier B.V.,
_cc2014.
516 _aElectronic text
650 _aAnnals.
650 _aResearch.
650 _aTourism.
830 _aElsevier B.V. 
856 _uhttp://www.sciencedirect.com/science/journal/01607383/44
942 _cEJ
999 _c275741
_d275741